Applied accounting theory : a financial reporting perspective / (Record no. 84270)
[ view plain ]
| 000 -LEADER | |
|---|---|
| fixed length control field | 01067nam a2200217 a 4500 |
| 008 - FIXED-LENGTH DATA ELEMENTS--GENERAL INFORMATION | |
| fixed length control field | 120416s1980 ||||||||||||||||| || u |
| 020 ## - INTERNATIONAL STANDARD BOOK NUMBER | |
| International Standard Book Number | 0256023603 |
| 050 ## - LIBRARY OF CONGRESS CALL NUMBER | |
| Classification number | HF 5681.B2 Mey |
| 100 ## - MAIN ENTRY--PERSONAL NAME | |
| Personal name | Meyer, Philip E |
| 245 10 - TITLE STATEMENT | |
| Title | Applied accounting theory : a financial reporting perspective / |
| 260 ## - PUBLICATION, DISTRIBUTION, ETC. | |
| Place of publication, distribution, etc. | Homewood, Ill. : |
| Name of publisher, distributor, etc. | Richard D. Irwin |
| Date of publication, distribution, etc. | 1980 |
| 300 ## - PHYSICAL DESCRIPTION | |
| Extent | xiv, 528p. : ill. |
| 350 ## - | |
| -- | 0.00 |
| 490 ## - | |
| -- | The Willard J. Graham series in accounting |
| 500 ## - GENERAL NOTE | |
| General note | Bibliography |
| 650 ## - SUBJECT ADDED ENTRY--TOPICAL TERM | |
| Topical term or geographic name entry element | FINANCIAL STATEMENTS--COPPERBELT UNIVERSITY |
| 650 #0 - SUBJECT ADDED ENTRY--TOPICAL TERM | |
| Topical term or geographic name entry element | ACCOUNTING--HANDBOOKS, MANUALS, ETC |
| 995 ## - | |
| -- | ANNEX COLLECTION (Main Library) |
| -- | 0.00 |
| -- | 708904 |
| -- | CBU-MAIN LIBRARY (Kitwe) |
| -- | 1 |
| -- | 30.15 |
| -- | HF 5681.B2 Mey |
| -- | 1 |
| -- | AVAILABLE |
| -- | 006809 |
| -- | Annex Low-Usage Collection |
| 995 ## - | |
| -- | TEXTBOOKS (SB) |
| -- | 0.00 |
| -- | 1760 |
| -- | CBU-SCHOOL TEXTBOOK COLLECTIONS |
| -- | 1 |
| -- | 0.00 |
| -- | SCHOOL TEXTBOOK |
| -- | 3 |
| -- | AVAILABLE |
| -- | Sep 30, 2009 |
| -- | 1760 |
| -- | School Collections |
| 995 ## - | |
| -- | TEXTBOOKS (SB) |
| -- | 0.00 |
| -- | 1324 |
| -- | CBU-SCHOOL TEXTBOOK COLLECTIONS |
| -- | 1 |
| -- | 0.00 |
| -- | SCHOOL TEXTBOOK |
| -- | 2 |
| -- | AVAILABLE |
| -- | Sep 15, 2009 |
| -- | 1324 |
| -- | School Collections |
| 999 ## - | |
| -- | 84270 |
| -- | 84270 |
| Withdrawn status | Lost status | Source of classification or shelving scheme | Damaged status | Not for loan | Permanent Location | Current Location | Shelving location | Date acquired | Total Checkouts | Full call number | Barcode | Date last seen | Copy number | Price effective from | Koha item type |
|---|---|---|---|---|---|---|---|---|---|---|---|---|---|---|---|
| CBU-MAIN LIBRARY, KITWE. | CBU-MAIN LIBRARY, KITWE. | 01/25/2024 | HF 5681.B2 Mey | 006809 | 01/25/2024 | 1 | 01/25/2024 | MONOGRAPH | |||||||
| CBU-SCHOOL TEXT BOOK COLLECTION | CBU-SCHOOL TEXT BOOK COLLECTION | 01/25/2024 | SCHOOL TEXTBOOK | 1760 | 01/25/2024 | 2 | 01/25/2024 | MONOGRAPH | |||||||
| CBU-SCHOOL TEXT BOOK COLLECTION | CBU-SCHOOL TEXT BOOK COLLECTION | 01/25/2024 | SCHOOL TEXTBOOK | 1324 | 01/25/2024 | 3 | 01/25/2024 | MONOGRAPH |